000
00299nam a22001337a 4500
008
190129b xxu||||| |||| 00| 0 eng d
020
_a
9780944210697
041
_a
eng
080
_a
371
100
_a
46
101
_a
EDU
245
_a
The Townsend Thematic Reader
_c
Hayes,Ch.G
942
_2
udc
_c
BK
999
_c
53814
_d
53814